Islands That Start with C - Statistics

General Stats
  • This quiz has been taken 66 times
    37 since last reset
  • The average score is 10 of 15
Answer Stats
Hint Island % Correct
Communist island in the Caribbean Cuba
97%
French Mediterranean island, birthplace of Napoleon Corsica
90%
Greek island, home to the ancient Minoan civilisation Crete
90%
Country in the eastern Mediterranean which may or may not be in Europe Cyprus
90%
Spanish autonomous region off northwestern Africa {Canary} Islands
81%
'Feline' island of central Bahamas {Cat} Island
77%
British overseas territory in the western Caribbean {Cayman} Islands
74%
Dutch island in the Caribbean, part of the ABC islands Curaçao
71%
Island group in the southwest Pacific, in free association with New Zealand {Cook} Islands
61%
Island of northwestern Greece, birthplace of Prince Philip Corfu
61%
Ninth-largest island in the Philippines Cebu
39%
Greek island group in the Aegean Sea, named for its 'circular' geography; Greek name Kikládhes Cyclades
39%
Isle off the west coast of Italy Capri
35%
Australian territory in the Indian Ocean; also called Keeling Islands {Cocos} Islands
32%
Island of the River Seine in Paris, home of the Notre-Dame Île de la {Cité}
23%
No matching quizzes found
Score Distribution
Percent of People with Each Score
Percentile by Number Answered
Your Score History
You have not taken this quiz since the last reset